Statistics for Dog Breeds Quiz

Click here to take the quiz!

General Stats

  • This quiz has been taken 36 times
  • The average score is 12 of 16

Answer Stats

Answer% Correct
Dalmatian
100%
Husky
96%
Pug
96%
Beagle
93%
Labrador Retriever
93%
Poodle
93%
Golden Retriever
81%
Greyhound
81%
Corgi
78%
Bulldog
70%
German Shepherd
70%
Chow Chow
56%
Border Collie
52%
Pitbull
52%
Shiba Inu
52%
Pomeranian
48%

Score Distribution

Percentile by Number Answered

Percent of People with Each Score

Your Score History

You have not taken this quiz